Top 10 Songs by Dire Straits - Statistics

General Stats
  • This quiz has been taken 17 times
  • The average score is 6 of 10
Answer Stats
Hint Answer % Correct
1 Sultans of Swing
100%
3 Walk of Life
88%
2 Money For Nothing
82%
7 Brothers in Arms
65%
4 Romeo and Juliet
65%
9 Lady Writer
59%
8 So Far Away
53%
10 Down to the Waterline
47%
5 Telegraph Road
47%
6 Tunnel of Love
41%
No matching quizzes found
Score Distribution
Percent of People with Each Score
Percentile by Number Answered
Your Score History
You have not taken this quiz